| 000 | 01321ngm a22003250a 4500 | ||
|---|---|---|---|
| 001 | PT16548 | ||
| 003 | AR-LpoUNG | ||
| 005 | 20210202000214.0 | ||
| 007 | vd cvaizq | ||
| 008 | 191001s2001||||ag |||||||||||||||||spa d | ||
| 037 | _c$8.30 | ||
| 040 |
_aAR-LpoUNG _bspa _cAR-LpoUNG _eaacr |
||
| 041 | _aspa | ||
| 044 | _aag | ||
| 082 | 0 | _a909 532v18 | |
| 245 | 1 | 0 |
_aIlustración y la sociedad : _blos filósofos modernos |
| 260 |
_aBuenos Aires : _bKalender Video Argentina, _c2001. |
||
| 300 | _aVHS (56 min.) : son., byn, col. | ||
| 520 | _aPosiblemente sea Locke, con su concepción que todos los seres humanos tienen una capacidad innata para progresar y que el objetivo de todo gobierno debe ser garantizar la defensa de los derechos y libertades del pueblo, la que definen los rasgos principales que caracterizan a la ilustración. Voltaire en Francia, Kant en Alemania, profesaron una autentica veneración por Locke, que habia inaugurado el sistema de pensamiento que fundamentaba las teorías de los Filósofos Modernos. | ||
| 650 | 4 | _aEUROPA OCCIDENTAL | |
| 650 | 4 | _aFILOSOFIA | |
| 650 | 4 | _aSOCIEDAD | |
| 650 | 4 | _aTEORIA POLITICA | |
| 651 | 4 | _aEuropa | |
| 653 | _aVIDEOS | ||
| 653 | _aVIDEOS DIDACTICOS | ||
| 710 | 2 | _aMetropolitan Museum of Art (New York) | |
| 905 | _a16548 | ||
| 942 | _cVIDEO | ||
| 999 |
_c54330 _d54330 |
||